New Zealand Rugby - 3 and 4 letter All Blacks - Statistics

General Stats
  • This quiz has been taken 263 times
    189 since last reset
  • The average score is 20 of 37
Answer Stats
Years Active Answer % Correct
2003-2015 Ma'a Nonu
80%
1984-1993 Grant Fox
77%
2008-2019 Kieran Read
77%
1994-2002 Jonah Lomu
76%
2002-2013 Andrew Hore
68%
2008-2014 Cory Jane
67%
2010-2016 Israel Dagg
67%
2012-2019 Sam Cane
67%
1983-1987 David Kirk
66%
1986-1995 Richard Loe
66%
1993-2000 Craig Dowd
62%
1992 Graham Dowd
62%
2001-2007 Chris Jack
59%
1992-1996 Eric Rush
59%
2008-2012 Hosea Gear
59%
2004-2007 Rico Gear
59%
1998-2004 Xavier Rush
59%
2010-2015 Victor Vito
57%
1989-1994 John Timu
55%
1986-1992 Andy Earl
53%
1992-1994 Arran Pene
51%
2002 Danny Lee
51%
1998 Isitolo Maka
51%
2020-2021 Tupou Vaa'i
51%
2002 Brad Mika
50%
1999 Dylan Mika
50%
2002 Regan King
50%
2009 Isaac Ross
48%
2006 David Hill
47%
2005-2011 John Afoa
41%
2017-2019 Atu Moli
35%
2014 Augustine Pulu
35%
1999-2001 Greg Feek
33%
2013-2014 Dominic Bird
32%
2013-2019 Matt Todd
32%
2005-2006 James Ryan
28%
2008 Rudy Wulf
22%
No matching quizzes found
Score Distribution
Percent of People with Each Score
Percentile by Number Answered
Your Score History
You have not taken this quiz since the last reset